| 000 | 00413nam a2200157Ia 4500 | ||
|---|---|---|---|
| 008 | 240729s9999 xx 000 0 und d | ||
| 022 | _a1362-3036 | ||
| 245 | 0 | _aPhilosophical Magazine Letters | |
| 260 | _aUnited Kingdom | ||
| 260 | _bTaylor & Francis Group | ||
| 650 | _a Physics | ||
| 650 | _aScience | ||
| 856 | _uhttps://doaj.org/toc/4c27baa365bb404587ce2149c1a13df0 | ||
| 942 | _2ddc | ||
| 942 | _cDOAJEJ | ||
| 999 |
_c66996 _d66996 |
||
| 945 |
_a1 _bMadushi Gamage _c1 _dMadushi Gamage |
||